Arthur Conan Doyle's art of fiction : a revaluation /

Bibliographic Details
Main Author: Clausson, Nils (Author)
Format: Book
Language:English
Published: Newcastle upon Tyne, UK : Cambridge Scholars Publishing, 2018.
Subjects:

MARC

Tag First Indicator Second Indicator Subfields
LEADER 00000cam a2200000Mi 4500
001 in00003994792
005 20181024083334.0
008 180619s2018 enk 000 0 eng d
020 |a 152751157X  |q hardcover 
020 |a 9781527511576  |q hardcover 
035 |a (OCoLC)on1040621135 
040 |a YDX  |e rda  |c YDX  |d COO  |d BWK  |d UtOrBLW 
049 |a TXAM 
050 4 |a PR4624  |b .C53 2018 
082 0 |a 823/.8  |2 23 
100 1 |a Clausson, Nils,  |e author. 
245 1 0 |a Arthur Conan Doyle's art of fiction :  |b a revaluation /  |c by Nils Clausson. 
264 1 |a Newcastle upon Tyne, UK :  |b Cambridge Scholars Publishing,  |c 2018. 
300 |a xvii, 384 pages ;  |c 22 cm. 
336 |a text  |b txt  |2 rdacontent 
337 |a unmediated  |b n  |2 rdamedia 
338 |a volume  |b nc  |2 rdacarrier 
504 |a Includes bibliographical references (pages [369]-380) and index. 
600 1 0 |a Doyle, Arthur Conan,  |d 1859-1930  |x Criticism and interpretation. 
945 |b 659471 
947 |a A14850511586 
948 |a cataloged  |b h  |c 2018/8/30  |d c  |e dmitchel  |f 9:44:28 am 
994 |a C0  |b TXA 
999 f f |s e4e63691-567e-3f4d-9b77-e790ab580fdb  |i 9ef0812b-d89c-3345-9398-17f8b8fc7220  |t 0 
952 f f |p normal  |a Texas A&M University  |b College Station  |c Sterling C. Evans Library  |d Evans: Library Stacks  |t 0  |e PR4624 .C53 2018  |h No information provided  |i unmediated -- volume  |m A14850511586 
998 f f |a PR4624 .C53 2018  |t 0  |l Evans: Library Stacks